000 00629nam a2200241Ia 4500
003 OSt
005 20220918190919.0
006 a|||||r|||| 00| 0
007 ta
008 220917b |||||||| |||| 00| 0 eng d
024 _a60,369
037 _cTextual
040 _aARTS
_cARTS
_beng
041 _2eng
_aeng
082 _aQ4:610Y115, G0
100 _aHorner I B
_915283
245 0 _aWomen under primitive Buddhism
260 _c1930
490 _aBroadway oriental liberary ed by Clement Egerton
650 _aRELIGION
942 _hQ4:610Y115, G0
_cTEXL
_2CC
999 _c187318
_d187318